[Event "Gibraltar Masters 2017"]
[Site "Caleta Hotel"]
[Date "2017.02.01"]
[Round "9.7"]
[White "Cheparinov, Ivan"]
[Black "Fridman, Daniel"]
[Result "1-0"]
[WhiteElo "2689"]
[BlackElo "2594"]
[Annotator "Saunders,John"]
[PlyCount "171"]
[EventDate "2017.??.??"]

1. c4 e6 2. Nf3 d5 3. e3 Nf6 4. b3 Be7 5. Bb2 O-O 6. Nc3 c5 7. cxd5 Nxd5 8. Qc2
Nc6 9. h4 b6 10. a3 f5 11. Nxd5 exd5 12. d4 Be6 13. Ng5 Bxg5 14. hxg5 c4 15. g6
hxg6 16. bxc4 Rc8 17. c5 bxc5 18. dxc5 Qa5+ 19. Qc3 Rf7 20. Be2 Qa4 21. O-O Rb8
22. Rac1 g5 23. Ba1 Rfb7 24. Bd1 Qh4 25. Bc2 Rd7 26. Rb1 Rf8 27. Qb3 g4 28. Qa4
Rc7 29. Qf4 Rd7 30. Ba4 g5 31. Qh2 Qxh2+ 32. Kxh2 Rh7+ 33. Kg1 Rc8 34. Bf6 f4
35. Bxg5 f3 36. Rfd1 fxg2 37. Bc2 Rh5 38. Bf4 Ne5 39. Kxg2 Rxc5 40. Rb8+ Kf7
41. Ba4 Kf6 42. Rf8+ Ke7 43. Re8+ Kf6 44. Bxe5+ Rxe5 45. Rh1 Ra5 46. Bc2 Rxa3
47. Rh7 Rc3 48. Rf8+ Kg5 49. Rg7+ Kh4 50. Bg6 Rc8 51. Rh7+ Kg5 52. Be8 Bf7 53.
Rg7+ Kh4 54. Rh8+ Rh5 55. Rxg4+ Kxg4 56. Bd7+ Kg5 57. Rxc8 Kf6 58. f4 Rh7 59.
Rc6+ Ke7 60. Bf5 Rg7+ 61. Kf2 Rg8 62. Ra6 Ra8 63. Ke1 Be8 64. Bd3 Bd7 65. Kd2
Bc8 66. Ra5 Kd6 67. Kc3 a6 68. Kd4 Bb7 69. Ra1 a5 70. Rb1 Kc7 71. f5 Bc6 72.
Rc1 {[#]} Kd6 $4 ({With care it looks as if Black should be able to draw from
this position, and he probably would have done had he played} 72... Rb8 {but
the very natural looking text move is savagely punished.}) 73. e4 $3 a4 ({The
point is that} 73... dxe4 {loses to} 74. Rxc6+ $1 Kxc6 75. Bxe4+ {skewering
the rook on a8, with an easy. Since Black cannot capture the e4-pawn, it means
that it will advance to become a passed pawn. Worse still for Black, White
will have a connected passed pawn spearhead to which there is no defence.}) 74.
e5+ Kd7 75. f6 a3 76. Bf5+ Kc7 77. f7 a2 78. Ra1 Ra4+ 79. Ke3 d4+ 80. Kf4 Ra8 (
80... d3+ 81. Kg5 Ra8 82. Rxa2 $1 {is equally hopeless.}) 81. Rxa2 Rf8 82. e6
Kd6 83. Ra6 d3 84. Ke3 Rd8 85. Rxc6+ Kxc6 86. e7 1-0